000 00664nam a2200229Ia 4500
005 20250508163833.0
008 008 250505s9999 xx 000 0 eng d
020 _a0-415-24116-2
037 _aTextual
040 _aFEDL
_beng
_cFEDL
041 _aeng
_2eng
084 _a428.007 1, BUR
_qFEDL
100 _aBurns Anne Ed.
_9776499
245 0 _aAnalysing english in a global context: A reader
260 _aLondon, UK
_bRoutledge
_c2001
300 _axii,276p
365 _aGBP
_b16.99
650 _aEnglish language teaching
700 _a Coffin Caroline Ed.
_9776500
942 _cTEXL
_h428.007 1, BUR
999 _c1385527
_d1385527